| 000 | 00588nai a2200181Ia 4500 | ||
|---|---|---|---|
| 003 | IN-BaIIA | ||
| 008 | 211028c9999 xx s 000 0 eng d | ||
| 022 | _a1567-1356 (Print) | ||
| 022 | _a1567-1364 (Online) | ||
| 040 | _cIIA Library | ||
| 245 | 0 |
_aFEMS Yeast Research _h[eJournal] |
|
| 260 |
_aNew Jersey _bJohn Wiley & Sons |
||
| 310 | _aSemi-Quarterly | ||
| 362 | _a1(1); 2001 - 14(8); 2014 | ||
| 521 | _bSubscribed through National Knowledge Resource Consortium (NKRC) | ||
| 856 |
_uhttps://onlinelibrary.wiley.com/journal/15671364 _yClick Here to Access eJournal |
||
| 942 | _cEJ | ||
| 999 |
_c34377 _d34377 |
||